Cirkulárne dane ako nástroj urýchlenia prechodu k obehovému hospodárstvu diplomová práca

Na minha lista:
Detalhes bibliográficos
Autor principal: Hanzelyová, Michaela
Autor Corporativo: Národohospodárska fakulta EU. Katedra hospodárskej politiky
Outros Autores: Majzlíková, Erika, 1993-
Formato: Livro
Idioma:eslovaco
Publicado em: Bratislava 2025
Tags: Adicionar Tag
Sem tags, seja o primeiro a adicionar uma tag!

MARC

LEADER 00000nbm a2200000 4500
001 0309153
005 20251027090227.8
041 0 |a slo 
044 |a SK 
245 1 0 |a Cirkulárne dane ako nástroj urýchlenia prechodu k obehovému hospodárstvu  |b diplomová práca  |c Michaela Hanzelyová ; školiteľ: Erika Majzlíková 
264 1 |a Bratislava  |c 2025 
300 |a 76 s. 
100 1 |a Hanzelyová, Michaela 
700 1 |a Majzlíková, Erika, 1993- 
710 2 |a Národohospodárska fakulta EU. Katedra hospodárskej politiky